La Invención de la paz : (Record no. 109564)

MARC details
000 -LEADER
fixed length control field 00657nam a22001817a 4500
005 - DATE AND TIME OF LATEST TRANSACTION
control field 20180614123236.0
008 - FIXED-LENGTH DATA ELEMENTS--GENERAL INFORMATION
fixed length control field 151126b mx ||||| |||| 00| 0 spa d
020 ## - INTERNATIONAL STANDARD BOOK NUMBER
International Standard Book Number 9786070300547
050 04 - LIBRARY OF CONGRESS CALL NUMBER
Classification number JZ1318
Item number R49 2009
100 1# - MAIN ENTRY--PERSONAL NAME
Personal name Reza, Germán A. de la.
245 13 - TITLE STATEMENT
Title La Invención de la paz :
Remainder of title de la república cristiana del Duque de Sully a la sociedad de naciones de Simón Bolívar
Statement of responsibility, etc / Germán A. de la Reza
250 ## - EDITION STATEMENT
Edition statement 1a ed.
260 ## - PUBLICATION, DISTRIBUTION, ETC. (IMPRINT)
Place of publication, distribution, etc México :
Name of publisher, distributor, etc UAM, Unidad Azcapotzalco : Siglo XXI,
Date of publication, distribution, etc 2009.
300 ## - PHYSICAL DESCRIPTION
Extent 170 p. ;
Dimensions 21 cm.
490 #0 - SERIES STATEMENT
Series statement Historia
650 #7 - SUBJECT ADDED ENTRY--TOPICAL TERM
Source of heading or term LEMB
Topical term or geographic name as entry element Movimientos de paz
General subdivision Historia
650 #7 - SUBJECT ADDED ENTRY--TOPICAL TERM
Source of heading or term LEMB
Topical term or geographic name as entry element Organización Internacional
General subdivision Historia
942 ## - ADDED ENTRY ELEMENTS (KOHA)
Source of classification or shelving scheme Biblioteca del Cogreso de los Estados Unidos
Koha item type Libro
Holdings
Estado de pérdida Fuente de clasificación Estado del daño No para préstamo Ubicación permanente Ubicación actual Apartado o colección Fecha de adquisición Edición Área del conocimiento Clasificación Código de Barras Date last seen Número de copia Tipo de recurso Dependencia de educación superior (DES) Nota pública
  Biblioteca del Cogreso de los Estados Unidos     Biblioteca de la Facultad de Filosofía Biblioteca de la Facultad de Filosofía General 26/11/2015 1a ed. Educación y Humanidades JZ1318 R49 2009 BFF000014459 26/11/2015 1 Libro    
  Biblioteca del Cogreso de los Estados Unidos     Biblioteca del Instituto de Investigaciones Históricas Biblioteca del Instituto de Investigaciones Históricas General 14/06/2018 1a ed. Ciencias Sociales y Administrativas JZ1318 R49 2009 IIH000020785 14/06/2018 C:1 Libro Humanidades GENERAL